| 000 | 00441cam a22001575a 4500 | ||
|---|---|---|---|
| 001 | J100937 | ||
| 008 | 000000s1929 xxk 000 0 eng u | ||
| 035 | _a(Sirsi) u100937 | ||
| 110 |
_aAuctioneers' and Estate Agents' Institute of the United Kingdom _93789 |
||
| 245 | _aExamination questions January and March 1929. | ||
| 260 | _c1929 | ||
| 300 | _a67p. | ||
| 651 | 4 |
_aUnited Kingdom _y |
|
| 690 | _aBusiness and management | ||
| 942 | _n0 | ||
| 999 |
_c99933 _d99933 |
||